Nitra Vrch Zobor v zimĕ

Zobrazenie: Pohľad na zasneženú krajinu pod Zoborom (vrch v pozadí). V popredí je rieka Nitra. Vpravo v popredí vidno strechy rodinných domov, vľavo v popredí na jednom, aj druhom brehu rieky sú rôzne stromy. V pozadí vidno polia a rady stromov pozdĺž rieky

Bibliographic Details
Format: Postcard
Language:Czech
PhysicalDescription:1 pohľadnica tónovaná do modra 9 x 14 cm
Published: Nitra Rasofszky, fotomanufaktur 1919
Subjects:

MARC

LEADER 00000nkm a2200000 a 4500
001 vtls011886741
003 SK-MaSNL
005 20260512124826.0
007 kp ao
008 230706s1919 xo g kucze
015 |a SNBG1919 
035 |a urn:nbn:sk:snk-km00efcv 
035 |a urn:nbn:sk:snk-km43dns 
035 |a 99438FDB-A33B-4288-B772-FEB0EEC99AE4 
040 |a SNK  |b slo  |c SNK  |e AACR2 
041 0 |a cze 
043 |a e-xo--- 
044 |a xo  |c SK 
072 7 |a 913  |x Regionálna geografia  |2 konspekt 
080 |a 913(437.6)  |2 2011 
080 |a 556.53  |2 2011 
080 |a (084.121)  |2 2011 
080 |a 728.3  |2 2011 
245 0 0 |a Nitra  |h grafika  |b Vrch Zobor v zimĕ 
260 |a Nitra  |b Rasofszky, fotomanufaktur  |c 1919 
300 |a 1 pohľadnica  |b tónovaná do modra  |c 9 x 14 cm 
500 |a Názvové údaje prevzaté z obrazovej časti pohľadnice 
520 8 |a Zobrazenie: Pohľad na zasneženú krajinu pod Zoborom (vrch v pozadí). V popredí je rieka Nitra. Vpravo v popredí vidno strechy rodinných domov, vľavo v popredí na jednom, aj druhom brehu rieky sú rôzne stromy. V pozadí vidno polia a rady stromov pozdĺž rieky 
650 0 7 |a rieky  |2 SNKPH  |9 29644 
650 0 7 |a rodinné domy  |2 SNKPH  |9 2984 
651 7 |a Zobor (Tribeč, Slovensko : vrch)  |2 SNKPHgeo  |9 83955 
651 7 |a Nitra (Slovensko : rieka)  |2 SNKPHgeo  |9 56326 
655 7 |a miestne pohľadnice  |2 SNKPH  |9 70510 
852 |a Slovenská národná knižnica 
958 |a GBN 
958 |a GC 
958 |a ONDV 
999 |c 948444  |d 950374 
952 |a SNK  |b SNK  |y PREZ  |7 0  |p 17A1244433  |o snkSP 43872  |z Pohľadnica prešla poštou.  |0 0  |1 0  |4 0  |d 2019-09-12  |f 1  |l 0  |r 2026-02-24 09:40:28  |w 2026-02-24